000 00383nam a22001697a 4500
005 20250321100924.0
008 250321b |||||||| |||| 00| 0 eng d
020 _a9789350008096
041 _ahin
082 _a491.43
_bMOM
100 _aMohan, Braj
245 _aMaanak Hindi
260 _aNew Delhi
_bVani Prakashan
_c2014
300 _a157p.
650 _aHINDI
942 _cBK
999 _c50062
_d50062